1989 1033 1248 1603 1845 1523 1423 1135 1711 1828 1486 1674 1769 1926 1922 1105 1338 1631 1521 1803 1604 1345 1628 1828 1717 1240 1363 1946 1042 1568 1902 1874 1813 1826 1739 1699 1954 1368 1524 1920 1852 1443 1074 1346 1259 1080 1587 1401 1457 1734 1855 1538 1476 1390 1101 1240 1470 1167 1071 1661 1427 1493 1695 1414 1120 1347 1580 1785 1791 1055 1485 1846 1979 1500 1526 1381 1903 1968 1767 1748 1530 1863 1981 1165 1822 1663 1516 1262 1521 1544 1923 1000 1799 1421 1350 1453 1264 1991 1964 BCNSPRNW ULIB Ver.6.0+V

เปลี่ยนเป็นภาษาไทย

Change to English
 แสดงรายละเอียดบรรณานุกรม
  กลับหน้าหลัก

Brief Record : Get Marc (ISO 2709) : E-mail record : QR code < ปิดหน้าต่าง
LEADER : 00000nam 2200000uu 4500
001    13399114765
003     ULIB
008    120515s2555||||th 000 0 tha d
020    9786162790126
050  4 BJ412^bป451ค
100 0  ปราโมทย์ ประสาทกุล
110 1  สถาบันวิจัยประชากรและสังคม มหาวิทยาลัยมหิดล
245 00 ความสุขที่สร้างได้^n=Happiness that can be created^cโดยสถาบันวิจัยประชากรและสังคม มหาวิทยาลัยมหิดล
260    นครปฐม:^bมหาวิทยาลัยมหิดล,^c2555
300    176 หน้า: ^bภาพประกอบ,^c21 cm
650  0 ความสุข
700 0  ปราโมทย์ ประสาทกุล,^eคณะทำงาน
710 1  สถาบันวิจัยประชากรและสังคม มหาวิทยาลัยมหิดล
945    ^p0^l0^i031754
995    เกษร
999 ^a ใช้งานได้ทุกระบบ
รายการนี้ยังไม่มีแท็ก
คุณยังไม่ได้ล็อกอิน คุณสามารถมีกิจกรรมร่วมกับเว็บไซต์ได้ แต่ต้องล็อกอินก่อน ::
  ล็อกอิน

รายการสื่อสารสนเทศ

ลำดับที่ ประเภท เลขเรียก/บาร์โค้ด สถานที่ สถานะ
- ไม่พบข้อมูล -

รายการใกล้เคียง
    ผู้แต่ง [ปราโมทย์ ประสาทกุล]

    หัวเรื่อง [ความสุข]

BibComment


ยังไม่เคยถูกคอมเมนท์

คอมเมนท์ทรัพยากรรายการนี้
  คอมเมนท์: ความสุขที่สร้างได..


 Copyright 2026. Bcnsprnw @Library